| 000 | 00839nam a22002057a 4500 | ||
|---|---|---|---|
| 999 |
_c20151 _d20151 |
||
| 003 | AR-CdUCM | ||
| 008 | 190527b ||||| |||| 00| 0 spa d | ||
| 040 |
_aMUNICIPALIDAD PROVINCIAL DEL CUSCO _cBIBLIOTECA MUNICIPAL DEL CUSCO |
||
| 082 |
_a379.285 / _bP18 |
||
| 100 |
_aPajuelo, Maria Marta E. _942137 |
||
| 245 |
_aLos fines de la educación nacional en la ideología y acción educativas de Bartolomé Herrera y los hermanos Gálvez : _bEnsayo educativo/ |
||
| 260 |
_aLima : _bVillanueva, _c1965. |
||
| 300 |
_a154 páginas _c24 cm. |
||
| 505 | _aContenido : Ligero análisis del panorama social Peruano -- La democracia Peruana -- El adolescente Peruano... | ||
| 650 |
_aEnsayos pedagógicos _942138 |
||
| 650 |
_aBases de educación peruana _942139 |
||
| 650 |
_aBases filosoficas _942140 |
||
| 942 |
_2ddc _cFOLLETOS |
||
| 945 | _arcc | ||